000 00710nam a2200289Ia 4500
005 20260324133134.0
008 008 260324s9999 xx 000 0 eng d
020 _a9781315242118
037 _aEBOOK
040 _aCRL
040 _beng
040 _cCRL
041 _2eng
041 _aeng
084 _qCRL
100 _aMihoko Suzuki
_91098534
245 0 _aSubordinate Subjects
245 0 _bGender, the Political Nation, and Literary Form in England, 1588–1688
260 _bTaylor and Francis
260 _c2003
365 _a
365 _b230
856 _uhttp://www.taylorfrancis.com/books/9781315242118
942 _cEBOOK
999 _c1790719
_d1790719